000
00249nam a22001097a 4500
082
_a
621.381528 SHO
100
_a
SHOUKAT ALI HAIDERI
_9
75091
245
_a
TRANSISTOR MECHANIC
260
_a
LAHORE
_b
FEROZE SONS
_c
1980
300
_a
110P
942
_c
BK
999
_c
580578
_d
580578